[Event "Saarlouis op 6th"]
[Site "Saarlouis"]
[Date "2003.05.29"]
[Round "3"]
[White "Leinenbach, Janine"]
[Black "Dostani, Mazllum"]
[Result "1-0"]
[WhiteElo "1503"]
[BlackElo "1200"]
[PlyCount "85"]
[EventDate "2003.05.??"]
[EventType "swiss"]
[EventRounds "7"]
[EventCountry "GER"]
[SourceTitle "EXT 2006"]
[Source "ChessBase"]
[SourceDate "2005.11.24"]
[SourceVersion "1"]
[SourceVersionDate "2005.11.24"]
[SourceQuality "1"]

1. c4 e5 2. Nc3 Nf6 3. b3 c6 4. Bb2 d6 5. g3 Be7 6. Bg2 0-0 7. Nf3 Nbd7 8. d4 Qb6 9. 0-0 c5 10. dxe5 Nxe5 11. Nxe5 dxe5 12. Nd5 Nxd5 13. Qxd5 Be6 14. Qxb7 Qxb7 15. Bxb7 Rab8 16. Bg2 f6 17. Rad1 Rfd8 18. e3 Rd6 19. Rxd6 Bxd6 20. Rd1 Bc7 21. Ba3 Bb6 22. Bd5 Kf7 23. f4 exf4 24. exf4 Re8 25. Kf2 f5 26. Bxe6+ Rxe6 27. Rd5 Ba5 28. Rxf5+ Kg6 29. Re5 Rxe5 30. fxe5 Bb6 31. Bb2 Kf5 32. Kf3 g5 33. g4+ Ke6 34. Ke4 Bd8 35. a3 a5 36. Bc3 Bc7 37. Bd2 h6 38. Bc3 Bb6 39. b4 cxb4 40. axb4 axb4 41. Bxb4 Bg1 42. h3 Bh2 43. Bd6 1-0